Trade, environment, and the millennium / (Record no. 595)

000 -LEADER
fixed length control field 02419cam a22003614a 4500
003 - CONTROL NUMBER IDENTIFIER
control field OSt
005 - DATE AND TIME OF LATEST TRANSACTION
control field 20210615132945.0
008 - FIXED-LENGTH DATA ELEMENTS--GENERAL INFORMATION
fixed length control field 991012s1999 ja b i001 0 eng
020 ## - INTERNATIONAL STANDARD BOOK NUMBER
International Standard Book Number 928081043X (pbk. : alk. paper)
040 ## - CATALOGING SOURCE
Transcribing agency DLC
042 ## - AUTHENTICATION CODE
Authentication code pcc
050 00 - LIBRARY OF CONGRESS CALL NUMBER
Classification number HF1379
Item number .T723 1999
245 00 - TITLE STATEMENT
Title Trade, environment, and the millennium /
Statement of responsibility, etc. edited by Gary P. Sampson and W. Bradnee Chambers.
260 ## - PUBLICATION, DISTRIBUTION, ETC.
Place of publication, distribution, etc. Tokyo ;
-- New York :
Name of publisher, distributor, etc. United Nations University Press,
Date of publication, distribution, etc. 1999.
300 ## - PHYSICAL DESCRIPTION
Extent x, 388 p. ;
Dimensions 23 cm.
500 ## - GENERAL NOTE
General note "Trade, Environment, and the Millennium reflects the core mission of the United Nations University Institute of Advanced Studies (UNU/IAS). This book has been put together within the framework of the Environmental Governance and Multilateralism Programme."
504 ## - BIBLIOGRAPHY, ETC. NOTE
Bibliography, etc. note Includes bibliographical references and index.
650 #0 - SUBJECT ADDED ENTRY--TOPICAL TERM
Topical term or geographic name entry element International trade
General subdivision Environmental aspects.
650 #0 - SUBJECT ADDED ENTRY--TOPICAL TERM
Topical term or geographic name entry element Commercial policy
General subdivision Environmental aspects.
650 #0 - SUBJECT ADDED ENTRY--TOPICAL TERM
Topical term or geographic name entry element Environmental policy
General subdivision Economic aspects.
700 1# - ADDED ENTRY--PERSONAL NAME
Personal name Sampson, Gary P.
700 1# - ADDED ENTRY--PERSONAL NAME
Personal name Chambers, W. Bradnee.
710 2# - ADDED ENTRY--CORPORATE NAME
Corporate name or jurisdiction name as entry element Institute of Advanced Studies.
710 2# - ADDED ENTRY--CORPORATE NAME
Corporate name or jurisdiction name as entry element Environmental Governance and Multilateralism Programme.
906 ## - LOCAL DATA ELEMENT F, LDF (RLIN)
a 7
b cbc
c orignew
d 1
e ecip
f 19
g y-gencatlg
942 ## - ADDED ENTRY ELEMENTS (KOHA)
Source of classification or shelving scheme
Koha item type Book
Suppress in OPAC DO
Holdings
Withdrawn status Lost status Source of classification or shelving scheme Damaged status Not for loan Permanent Location Current Location Shelving location Date acquired Total Checkouts Full call number Barcode Date last seen Price effective from Koha item type Public note
          AU LIBRARY AU LIBRARY Open Shelf 15.06.2021   HF1379 .T723 1999 28001534 15.06.2021 15.06.2021 Book DO

Powered by Koha